000 00246 a2200097 4500
020 _a9788430516667
041 _aspa
100 _aBartolozzi, Salvador
245 _a Adventuras Maravillosas de Pipo y Pipa en Poder Del Bruj Pipirigail
942 _cBK
999 _c28528
_d28528